| LEADER |
01049nam0a2200229 450 |
| 001 |
16811031 |
| 010 |
|
|
|a 978-2-266-16865-6
|b br.
|d 6,7
|
| 100 |
|
|
|a 20070405d2026 u u0frey01 ba
|
| 101 |
1 |
|
|a fre
|c eng
|
| 102 |
|
|
|a FR
|
| 200 |
0 |
|
|a Retour à l'état sauvage
|f Erin Hunter
|g traduit de l'anglais par Cécile Pournin
|
| 207 |
|
1 |
|a
|
| 210 |
|
|
|a Paris
|c Pocket Jeunesse
|d impr. 2007
|
| 215 |
|
|
|a 1 vol. (305 p.)
|c couv. ill. en coul.
|d 18 cm
|
| 225 |
1 |
|
|a La guerre des clans
|v livre
|
| 330 |
|
|
|a Rouille rêve de liberté et souhaite croquer une souris. Un jour, il s'aventure dans la forêt et est attaqué par un chat apprenti guerrier du clan Tonnerre. Il riposte et gagne le respect de ce clan qui l'adopte. Il est initié à ses rites et à sa hiérarchie...
|
| 461 |
|
0 |
|t La guerre des clans Cycle I
|v 1
|
| 700 |
|
0 |
|a Hunter
|b Erin
|4 70
|
| 702 |
|
0 |
|a Pournin
|b Cécile
|f 1977?-....
|4 730
|
| 900 |
|
|
|a Roman enfant
|
| 901 |
|
|
|a Accessible au prêt
|
| 995 |
|
|
|a Bibliothèque
|c Bibliothèque
|f 024017949
|h 024017949
|k E C2 HUN I.1
|o p
|q j
|r az
|e Bibliothèque
|